أيوب و يونس عليهما السلام / (رقم التسجيلة. 47049)
[ عرض عادي ]
| 000 -LEADER | |
|---|---|
| fixed length control field | 00611nam a22001937a 4500 |
| 005 - DATE AND TIME OF LATEST TRANSACTION | |
| control field | 20251108170714.0 |
| 008 - FIXED-LENGTH DATA ELEMENTS--GENERAL INFORMATION | |
| fixed length control field | 250721s9999 xx 000 0 ara d |
| 082 14 - DEWEY DECIMAL CLASSIFICATION NUMBER | |
| Classification number | ط/211.81/فار |
| 100 1# - MAIN ENTRY--PERSONAL NAME | |
| Personal name | فاروق، أحمد ياسر |
| 245 10 - TITLE STATEMENT | |
| Title | أيوب و يونس عليهما السلام / |
| 264 ## - PRODUCTION, PUBLICATION, DISTRIBUTION, MANUFACTURE, AND COPYRIGHT NOTICE | |
| Name of producer, publisher, distributor, manufacturer | المركز العربي الحديث، |
| Date of production, publication, distribution, manufacture, or copyright notice | [19-]. |
| 300 ## - PHYSICAL DESCRIPTION | |
| Extent | 16ص |
| 490 0# - SERIES STATEMENT | |
| Series statement | قصص الأنبياء : نحن نقص عليك أحسن القصص :10 |
| 650 17 - SUBJECT ADDED ENTRY--TOPICAL TERM | |
| Topical term or geographic name as entry element | آل البيت |
| 650 17 - SUBJECT ADDED ENTRY--TOPICAL TERM | |
| Topical term or geographic name as entry element | السيرة النبوية |
| 650 17 - SUBJECT ADDED ENTRY--TOPICAL TERM | |
| Topical term or geographic name as entry element | الصحابة |
| 942 ## - ADDED ENTRY ELEMENTS (KOHA) | |
| Source of classification or shelving scheme | Dewey Decimal Classification |
| Koha item type | كتب |
| حالة السحب | حالة الفقدان | مصدر التصنيف | حالة التلف | غير قابل للإعارة | المكتبة الرئيسية | المكتبة الحالية | موقع الرف | تاريخ التزويد | الرقم المتسلسل | Total Checkouts | رقم الإستدعاء | تاريخ آخر ظهور | تاريخ الفاتورة | نوع المادة (كوها) | الباركود |
|---|---|---|---|---|---|---|---|---|---|---|---|---|---|---|---|
| Dewey Decimal Classification | Unchecked | مكتبة البشائر للأطفال | مكتبة البشائر للأطفال | الإعارة | 28/07/2025 | 331546 | ط/211.81/فار | 28/07/2025 | 28/07/2025 | كتب | |||||
| Dewey Decimal Classification | مكتبة قتيبة للأطفال | مكتبة قتيبة للأطفال | الأطفال | 19/11/2017 | 1665406 | ط/211.81/فار | 28/07/2025 | 19/11/2017 | كتب | PLD00411224 | |||||
| Dewey Decimal Classification | مكتبة صويلح العامة | مكتبة صويلح العامة | الأطفال | 20/07/2019 | 331738 | ط/211.81/فار | 28/07/2025 | 20/07/2019 | كتب | PLD00458057 | |||||
| Dewey Decimal Classification | مكتبة وادي السير العامة | مكتبة وادي السير العامة | الأطفال | 25/11/2015 | 331610 | ط/211.81/فار | 28/07/2025 | 25/11/2015 | كتب | PLD00366863 |